Statistics for Updated Top 5 cities in Georgia by Population

Click here to take the quiz!

General Stats

  • This quiz has been taken 21 times
  • The average score is 4 of 5

Answer Stats

CountyCity% Correct
Fulton and DeKalbAtlanta
100%
ChathamSavannah
81%
BibbMacon
76%
RichmondAugusta
67%
MuscogeeColumbus
57%

Score Distribution

Percentile by Number Answered

Percent of People with Each Score

Your Score History

You have not taken this quiz